| 000 | 00451nam a22001937a 4500 | ||
|---|---|---|---|
| 003 | CEME | ||
| 005 | 20210628203847.0 | ||
| 008 | 210305b xxu||||| |||| 00| 0 eng d | ||
| 020 | _a0-471 | ||
| 040 | _c. | ||
| 082 | _a621.433 BAT'F | ||
| 100 |
_aCEME-29016 _967614 |
||
| 245 | _aFundamentals of gas turbines | ||
| 250 | _a2ND | ||
| 260 |
_aNEWYORK _bJOHN WILEY _c1996 |
||
| 300 | _aXIV,453P | ||
| 650 |
_aGAS TURBINES _92387 |
||
| 942 |
_cBK _2ddc |
||
| 999 |
_c575344 _d575344 |
||